| 000 | 00742cam a22002051 4500 | ||
|---|---|---|---|
| 001 | sa 64008040 | ||
| 003 | DLC | ||
| 005 | 20260227112051.0 | ||
| 008 | 920804s1964 io c 000 0 ind | ||
| 010 | _asa 64008040 | ||
| 025 | _aPL480:Indo-766 | ||
| 035 | _a(OCoLC)26329258 | ||
| 040 |
_aDLC _cCU _dCU _dDLC |
||
| 042 | _apremarc | ||
| 050 | 0 | 0 |
_aDS644 _b.2 1964.A7 |
| 100 | 1 |
_aAidit, D. N., _d1923-1965. |
|
| 245 | 1 | 0 |
_aKobarkan semangat banteng! _bMadju terus, pantang mundur! Laporan politik kepada sidang pleno ke-II CCPKI jang diperluas dengan Komisi Verifikasi dan Komisi Kontrol Central di Djakarta tanggal 23-26 Desember 1963 _c[oleh] D.N. Aidit. |
| 260 |
_aDjakarta, _bJajasan Pembaruan, _c1964. |
||
| 300 |
_a106 p. _bport. _c21 cm. |
||
| 999 |
_c60651 _d60651 |
||